<?xml version="1.0" encoding="UTF-8"?>
<record
    xmlns:xsi="http://www.w3.org/2001/XMLSchema-instance"
    xsi:schemaLocation="http://www.loc.gov/MARC21/slim http://www.loc.gov/standards/marcxml/schema/MARC21slim.xsd"
    xmlns="http://www.loc.gov/MARC21/slim">

  <leader>00817nam a2200181Ia 4500</leader>
  <controlfield tag="001">IA_The realization of the project will generate an economic and social positive impact in in the area, because of generating of direct and indirect employees. The environmental impact will almost zero.</controlfield>
  <controlfield tag="002">RELOCALIZACION DE UNA PLANTA QUESERA EN EL MUNICIP</controlfield>
  <controlfield tag="008">220117s    xx            000 0 und d</controlfield>
  <datafield tag="010" ind1=" " ind2=" ">
    <subfield code="a">184263</subfield>
  </datafield>
  <datafield tag="530" ind1=" " ind2=" ">
    <subfield code="a">Disponible en PDF</subfield>
  </datafield>
  <datafield tag="650" ind1=" " ind2="0">
    <subfield code="a">Cheese industry</subfield>
    <subfield code="z">Mexico</subfield>
    <subfield code="z">Texcoco</subfield>
    <subfield code="9">156634</subfield>
  </datafield>
  <datafield tag="650" ind1=" " ind2="0">
    <subfield code="a">Industria quesera</subfield>
    <subfield code="z">M&#xE9;xico</subfield>
    <subfield code="z">Texcoco  </subfield>
    <subfield code="9">156635</subfield>
  </datafield>
  <datafield tag="700" ind1=" " ind2=" ">
    <subfield code="a">Barrios Puente, Ger&#xF3;nimo, asesor</subfield>
    <subfield code="9">163702</subfield>
  </datafield>
  <datafield tag="700" ind1="1" ind2=" ">
    <subfield code="a">Espejel Zaragoza, Jos&#xE9; Alfredo</subfield>
    <subfield code="9">151219</subfield>
  </datafield>
  <datafield tag="700" ind1=" " ind2=" ">
    <subfield code="a">Santos Moreno, Armando, asesor </subfield>
    <subfield code="9">163651</subfield>
  </datafield>
  <datafield tag="942" ind1=" " ind2=" ">
    <subfield code="c">TESIS B37 2015</subfield>
  </datafield>
  <datafield tag="999" ind1=" " ind2=" ">
    <subfield code="c">184263</subfield>
    <subfield code="d">184263</subfield>
  </datafield>
</record>
